000
00213 a2200109 4500
020
_a
9789501180015
041
_a
spa
100
_a
Twain Mark
245
_a
Las Aventuras de Tom Sawyer
942
_c
BK
952
_7
1
999
_c
25583
_d
25583